Football par lettre - J - Statistiques

Statistiques générales
  • Ce quiz a été pris 152 fois
  • Le résultat moyen est 10 sur 15
Statistiques - réponses
Questions Réponses % Correct
Quel joueur brésilien, légende de l'OL est réputé pour ses coups francs ? Juninho
98%
Quel footballeur portugais, décédé tragiquement en 2025, a reçu un hommage d'Anfield à la 20ème minute de jeu du premier match de la saison 2025/2026 de Liverpool? Diogo Jota
95%
Quelle particule est souvent ajouté au nom de footballeur comme Neymar ou Vinicius ? Jr
91%
Quel latéral droit français, expérimenté joueur de Ligue 1, a évolué au PSG ou encore à l'OL ? Christophe Jallet
87%
Dans quelle ville s'est déroulée la finale de la Coupe du Monde 2010 ? Johannesbourg
81%
Quel milieu italien a terminé à la troisième place du Ballon d'Or en 2021 ? Jorginho
81%
Quel attaquant sénégalais a signé au Bayern Munich, à l'été 2025, en provenance de Chelsea ? Nicolas Jackson
75%
Quel latéral de l'Atlético de Madrid a participé aux finales de Ligue des Champions de 2014 et 2016 ? Juanfran
57%
Quel attaquant monténégrain a évolué à l'AS Monaco entre 2017 et 2021, formant, une paire efficace aux côtés de Wissam Ben Yedder ? Stevan Jovetic
57%
Quel ailier a été le meilleur buteur brésilien de la Coupe du Monde 1970 ? Jairzinho
56%
Quel gardien a été le rempart de Montpellier, permettant de glaner le titre de Ligue 1 en 2012 ? Geoffrey Jourdren
53%
Quel attaquant brésilien de Newcastle s'est reconverti milieu de terrain en 2022 ? Joelinton
53%
Que signifie le "J" dans le sigle "AJA" (Auxerre) Jeunesse
50%
Quel prometteur ailier belge de Manchester United a eu du mal à confirmer son talent malgré une bonne Coupe du Monde 2018 avec les Diables Rouges ? Adnan Januzaj
48%
Quel attaquant brésilien de Porto a été le meilleur buteur de la Ligue des Champions en 2000 ? Mario Jardel
18%
Aucun quiz correspondant
Distribution des résultats
% des personnes avec chaque résultat
Percentile par nombre de réponses
Votre historique - résultats
Vous n’avez pas pris ce quiz